000
00335pab a2200145 454500
008
180718b1987 xxu||||| |||| 00| 0 eng d
100
_a
Majumdar, S.R.
245
_a
Curbing terrorism - a policeman's view
260
_c
1987
300
_a
1-3
362
_a
July
650
_a
Terrorism
773
_a
C.B.I. Bulletin
909
_a
19285
999
_c
19285
_d
19285